1st Overall NHL Draft Picks - Statistics

General Stats
  • This quiz has been taken 28 times
  • The average score is 16 of 23
Answer Stats
Hint Answer % Correct
2023 Connor Bedard
100%
2015 Connor McDavid
94%
2016 Auston Matthews
88%
2019 Jack Hughes
88%
2013 Nathan MacKinnon
88%
2005 Sidney Crosby
88%
2011 Ryan Nugent-Hopkins
81%
2021 Owen Power
75%
2010 Taylor Hall
75%
2004 Alex Ovechkin
69%
2022 Juraj Slafkovsky
69%
2003 Marc-Andre Fleury
69%
2012 Nail Yakupov
69%
2017 Nico Hischier
69%
2014 Aaron Ekblad
63%
2020 Alexis Lafreniere
63%
2007 Patrick Kane
63%
2008 Steven Stamkos
63%
2018 Rasmus Dahlin
56%
2002 Rick Nash
56%
2006 Erik Johnson
50%
2009 John Tavares
50%
2001 Ilya Kovalchuk
44%
No matching quizzes found
Score Distribution
Percent of People with Each Score
Percentile by Number Answered
Your Score History
You have not taken this quiz